Personaliti kreatif

Bibliographic Details
Main Author: Yusuf Al-Aqsar
Format: Book
Published: Kuala Lumpur : Berlian Publications , 2005
Series:Siri tabiat orang yang berjaya
Subjects:

MARC

LEADER 00000cam a2200000 7i4500
001 0000012188
005 20150201.0
008 071207
020 |a 9832179491 
090 0 0 |a 158.1   |b YUS 
100 0 |a Yusuf Al-Aqsar 
245 1 0 |a Personaliti kreatif   |c Yusuf Al-Aqsar 
260 |a Kuala Lumpur :   |b Berlian Publications ,   |c 2005 
440 |a Siri tabiat orang yang berjaya 
650 0 |a Malay fiction 
650 0 |a Motivation(Psychology) 
650 0 |a Success   |x Psychological 
999 |a 0001004567   |b Book   |c Adult Collection   |e Perbadanan Perpustakaan Awam Johor 
999 |a 0001004569   |b Book   |c Adult Collection   |e Cawangan AEON Kulaijaya 
999 |a 0001006236   |b Book   |c Adult Collection   |e Perbadanan Perpustakaan Awam Johor 
999 |a 0001006237   |b Book   |c Adult Collection   |e Perbadanan Perpustakaan Awam Johor